Strategies to reduce greenhouse gas emissions from road transport analytical methods

Salvato in:
Dettagli Bibliografici
Natura: Libro
Lingua:inglese
Pubblicazione: Paris OECD 2002
Soggetti:
Tags: Aggiungi Tag
Nessun Tag, puoi essere il primo ad aggiungerne!!

MARC

LEADER 00000nam a2200000 4500
001 c140078
005 20221221092233.2
020 |a 92-64-19678-1 
041 0 |a eng 
044 |a FR 
245 1 0 |a Strategies to reduce greenhouse gas emissions from road transport  |b analytical methods 
264 1 |a Paris  |b OECD  |c 2002 
300 |a 68 s. 
610 2 0 |a doprava cestná 
610 2 0 |a emisie 
610 2 0 |a efekt skleníkový 
610 2 0 |a ochrana prostredia životného 
610 2 0 |a hmoty pohonné 
610 2 0 |a modelovanie 
610 2 0 |a energia 
610 2 0 |a údaje štatistické 
610 2 0 |a porovnanie medzinárodné 
610 2 0 |a svet 
610 2 0 |a OECD